000 00609cam a22002053a 4500
001 42848
003 PGUSA
005 20140828083955.0
008 130530s2013||||xxu|||||s|||||000 | eng d
040 _aPGUSA
_beng
042 _adc
100 1 _aBotta, Carlo
245 1 0 _aStoria della Guerra della Independenza degli Stati Uniti di America, vol. 3
_h[electronic resource] /
_cCarlo Botta
260 _bProject Gutenberg,
_c2013
506 _aPublic domain in the USA.
516 _aElectronic text
830 0 _aProject Gutenberg
_v42848
856 4 0 _uhttp://www.gutenberg.org/ebooks/42848
942 _cEB
999 _c272100
_d272100